Salmonicultura en el sur de Chile: compendio 2003

Guardat en:
Dades bibliogràfiques
Format: Llibre
Idioma:espanyol
Publicat: Puerto Montt Diario El Llanquihue 2003
Col·lecció:Salmonicultura
Matèries:
Etiquetes: Afegir etiqueta
Sense etiquetes, Sigues el primer a etiquetar aquest registre!

MARC

LEADER 00000nam a2200000 a 4500
001 UCL3345
003 CL-VaPUC
008 031121e20030000CL |||||||||||||||||spa|d
082 0 4 |a 639.375  |b SAL  |2 21 
245 1 0 |a Salmonicultura en el sur de Chile: compendio 2003 
300 |a 386 p 
942 |c BK 
945 |d 20031121 00:00:00  |a cmena 
260 |a Puerto Montt  |b Diario El Llanquihue  |c 2003 
650 7 |a PISCICULTURA  |2 CL-VaPUC  |9 259974 
650 0 |a Salmonicultura  |9 261348 
650 0 |a Industria pesquera  |9 255432 
650 7 |a COMERCIO INTERNACIONAL  |2 CL-VaPUC  |9 480649 
583 |a last modification  |c 20031121 00:00:00  |k Rodrigo Vera 
490 0 |a Salmonicultura 
999 |c 306432  |d 306430 
952 |0 0  |1 0  |2 ddc  |4 0  |6 639_375000000000000_SAL_2003  |7 0  |8 CCM  |9 371453  |a BIBCUR  |b BIBCUR  |d 2019-11-21  |i 3968375  |o 639.375 SAL 2003  |p 3968375  |r 2025-04-22  |w 2019-11-21  |y BK  |k CIM